| 000 | 01126nam a2200313 a 4500 | ||
|---|---|---|---|
| 001 | 000113594 | ||
| 003 | CHAP | ||
| 005 | 20220329144403.0 | ||
| 008 | 170808s2017 mx a fsm |||||||spa d | ||
| 010 | _a110055 | ||
| 011 | _a111027 | ||
| 040 | _cCHAP | ||
| 090 | _aTesis | ||
| 100 | 1 |
_aCruz Reyes, Myrna Eslin _9133038 |
|
| 245 | 1 | 0 |
_aCalidad de germoplasma de Pinus radiata D. Don de isla Guadalupe / _h[En línea] _cpor Myrna Eslin Cruz Reyes. |
| 260 |
_aChapingo, Méx. : _bEl autor, _c2017. |
||
| 500 | _aPara ver el contenido del material haga clic en la liga | ||
| 502 | _aTesis (Ing.Forestal) -- UACH. División de Ciencias Forestales | ||
| 590 |
_aE8697GMM _b05 _c20170808 _lUCH01 _h1009 |
||
| 590 |
_aE8697GMM _b05 _c20170808 _lUCH01 _h1012 |
||
| 650 | 1 | 4 |
_aPináceas _xCrecimiento. _988225 |
| 650 | 1 | 4 |
_aPinus radiata _xPropagación. _9133039 |
| 650 | 1 | 4 |
_aPinus radiata _xSemillas _xFisiología y morfología. _9133040 |
| 650 | 1 | 4 |
_aPinus radiata _xSemillas _xGerminación. _9133041 |
| 856 |
_aFinding aid _uhttp://10.13.5.2/tesis/sist113594.pdf _zTeclea aquí |
||
| 901 | _aBK | ||
| 942 | _cTESIS | ||
| 942 | _n0 | ||
| 999 |
_c110055 _d110055 |
||